| 000 | 00555nam a2200217Ia 4500 | ||
|---|---|---|---|
| 003 | 0100 | ||
| 008 | 130303s9999 xx 000 0 und d | ||
| 020 | _a043594522X | ||
| 040 | _cARRUPELIB | ||
| 050 | _aDT465.Z218 1976B | ||
| 100 | _aIsaacman, Allen F | ||
| 245 | 4 | _aThe tradition of resistance in Mozambique | |
| 245 | _banti-colonial activity in the Zambesi Valley, 1850-1921 | ||
| 260 | _aLondon | ||
| 260 | _bHeinneman | ||
| 260 | _C1976 | ||
| 300 | _axxiv | ||
| 300 | _b 232p. 23cm | ||
| 650 | _bPsychology, pathological | ||
| 942 | 0 | 0 | _01 |
| 999 |
_c13639 _d13639 |
||